ASSOCIATON OF OSTEOPOROSIS WITH LIPID METABOLISM AND CARDIOVASCULAR DISEASE / (Record no. 535785)

000 -LEADER
fixed length control field 00523nam a22001577a 4500
020 ## - INTERNATIONAL STANDARD BOOK NUMBER
Qualifying information Hard Cover.
082 ## - DEWEY DECIMAL CLASSIFICATION NUMBER
Classification number 616.015
100 ## - MAIN ENTRY--PERSONAL NAME
Personal name Ayyub, Aisha
245 ## - TITLE STATEMENT
Title ASSOCIATON OF OSTEOPOROSIS WITH LIPID METABOLISM AND CARDIOVASCULAR DISEASE /
Statement of responsibility, etc. Aisha Ayyub
260 ## - PUBLICATION, DISTRIBUTION, ETC.
Place of publication, distribution, etc. Islamabad :
Name of publisher, distributor, etc. AMC - NUST,
Date of publication, distribution, etc. 2014.
300 ## - PHYSICAL DESCRIPTION
Extent xvi, 100 p. : ill. ;
Dimensions 30cm.
942 ## - ADDED ENTRY ELEMENTS (KOHA)
Source of classification or shelving scheme
Koha item type Thesis
650 ## - SUBJECT ADDED ENTRY--TOPICAL TERM
Topical term or geographic name entry element Chemical Pathology M Phil.-Thesis.
700 ## - ADDED ENTRY--PERSONAL NAME
Personal name Dr. Rizwan Hashim.
650 ## - SUBJECT ADDED ENTRY--TOPICAL TERM
-- 30636
700 ## - ADDED ENTRY--PERSONAL NAME
-- 30637
Holdings
Withdrawn status Lost status Source of classification or shelving scheme Damaged status Not for loan Permanent Location Current Location Shelving location Date acquired Full call number Barcode Date last seen Price effective from Non-public note Koha item type
          NUST School of Health Sciences (NSHS) NUST School of Health Sciences (NSHS) Thesis 09/23/2020 616.015 CL-T-6325 09/23/2020 09/23/2020 Minute Sheet No. 0929/02/CL/Survey/5 dated 23rd April 2024 E-MIN ID 114741 Thesis
© 2023 Central Library, National University of Sciences and Technology. All Rights Reserved.